|
|
|
|
| LEADER |
00000nam0a2200000 4500 |
| 001 |
371062 |
| 005 |
20231102012336.0 |
| 035 |
|
|
|a (RuTPU)RU\TPU\retro\28471
|
| 090 |
|
|
|a 371062
|
| 100 |
|
|
|a 20220909d1978 k y0rusy50 ca
|
| 101 |
0 |
|
|a rus
|
| 102 |
|
|
|a UZ
|
| 105 |
|
|
|a a z 001zy
|
| 200 |
1 |
|
|a Мезозойские и кайнозойские коры выветривания Западного Узбекистана
|e монография
|f А. И. Пак
|g Академия наук Узбекской ССР, Институт геологии и геофизики им. Х. М. Абдуллаева
|
| 210 |
|
|
|a Ташкент
|c Фан
|d 1978
|
| 215 |
|
|
|a 156 с.
|c ил.
|
| 320 |
|
|
|a Библиогр.: с. 149-154
|
| 606 |
1 |
|
|a Кора выветривания
|2 stltpush
|3 (RuTPU)RU\TPU\subj\15679
|9 41899
|
| 610 |
1 |
|
|a Западный Узбекистан
|
| 610 |
1 |
|
|a геологическое строение
|
| 610 |
1 |
|
|a палеоклимат
|
| 610 |
1 |
|
|a коры выветривания
|
| 610 |
1 |
|
|a юра
|
| 610 |
1 |
|
|a верхний мел
|
| 610 |
1 |
|
|a триас
|
| 610 |
1 |
|
|a палеоген
|
| 610 |
1 |
|
|a антропоген
|
| 610 |
1 |
|
|a нерудные полезные ископаемые
|
| 610 |
1 |
|
|a проявления
|
| 610 |
1 |
|
|a месторождения
|
| 610 |
1 |
|
|a мезозойско-кайнозойские коры выветривания
|
| 610 |
1 |
|
|a формирование
|
| 610 |
1 |
|
|a геохимическая специализация
|
| 610 |
1 |
|
|a монографии
|
| 675 |
|
|
|a 551.311.231
|v 4
|
| 700 |
|
1 |
|a Пак
|b А. И.
|g Андрей Инсунович
|
| 712 |
0 |
2 |
|a Академия наук Узбекской ССР
|b Институт геологии и геофизики им. Х. М. Абдуллаева
|c (Ташкент)
|2 stltpush
|3 (RuTPU)RU\TPU\col\14202
|9 25885
|
| 801 |
|
1 |
|a RU
|b 63413507
|c 20220909
|
| 942 |
|
|
|c BK
|